Click to Translate - Tatar - Statistics

General Stats
  • This quiz has been taken 66 times
  • The average score is 13 of 20
Answer Stats
Hint Answer % Correct
bread икмәк (ikmäk)
78%
yes әйе (äje)
76%
today Бүген (bügen)
76%
bird кош (koš)
75%
eye күз (küz)
75%
to open ачарга (ačarga)
69%
nose борын (boryn)
69%
I'm sorry Гафу итегез (Gafu itegez)
69%
january гыйнвар (gyjnvar)
69%
ninety туксан (tuksan)
69%
good evening хәерле кич (häerle kič)
67%
meat ит (it)
63%
twenty егерме (egerme)
59%
to run йөгерергә (jögerergä)
59%
breakfast иртәнге аш (irtänge aš)
55%
blue зәңгәр (zäñgär)
55%
pink алсу (alsu)
53%
dog эт (ét)
49%
west көнбатыш (könbatyš)
47%
beautiful матур (matur)
47%
No matching quizzes found
Score Distribution
Percent of People with Each Score
Percentile by Number Answered
Your Score History
You have not taken this quiz